Statistics for Most Streamed Songs from Folklore Album by Taylor Swift

Click here to take the quiz!

General Stats

  • This quiz has been taken 560 times
  • The average score is 10 of 17

Answer Stats

StreamsTrack% Correct
712MCardigan
100%
537MAugust
84%
538MExile
78%
377MThe 1
71%
287MMy Tears Ricochet
61%
228MBetty
60%
251MMirrorball
60%
127MHoax
57%
93MThe Lakes
55%
237MThe Last Great American Dynasty
54%
239MThis Is Me Trying
54%
143MPeace
52%
130MEpiphany
50%
222MIllicit Affairs
50%
227MInvisible String
50%
198MSeven
50%
147MMad Woman
47%

Score Distribution

Percentile by Number Answered

Percent of People with Each Score

Your Score History

You have not taken this quiz